Żabson - Internaziomal - Statystyki

Ogólne statystyki
  • Ten quiz został rozwiązany 103 razy
  • Średni wynik to 11 z 16
Statystyki odpowiedzi
Numer Gość Utwór % Poprawnych
1 Internaziomal
86%
6 Young Multi Twister
82%
4 Beteo i White 2115 Small Town Boy
80%
7 Floyd Mayweather
79%
11 Szpaku Brak snu, stres i używki
77%
2 Yzomandias Elegancko
77%
14 Deemz, Lil Gotit i Otsochodzi Mr. Drip
77%
8 Dziarma Ucieknij ze mną
71%
5 Nowe dźwięki
68%
9 Vegas Jones Collage
66%
3 No Prowo
63%
13 Kaptur
62%
10 Marcelo Burlon
61%
12 Monkey Szrot
60%
16 Urlop (Outro)
55%
15 Borixon Sukces
54%
Nie znaleziono quizów pasujących do podanych kryteriów
Rozkład punktacji
Procent ludzi z każdym wynikiem
Percentyl według liczby udzielonych odpowiedzi
Twoja historia wyników
Nie rozwiązałeś tego quizu